Gandhi,peace and journalism / (Record no. 90586)

MARC details
000 -LEADER
fixed length control field 00632nam a22002057a 4500
005 - DATE AND TIME OF LATEST TRANSACTION
control field 20150107120553.0
010 ## - LCCN (DPL NO)
LC control number ENG-111520
020 ## - INTERNATIONAL STANDARD BOOK NUMBER
International Standard Book Number 9788174878465
Terms of availability 350.00
020 ## - INTERNATIONAL STANDARD BOOK NUMBER
International Standard Book Number 8174878467
Terms of availability 350.00
035 ## - SYSTEM CONTROL NUMBER
System control number EN-95052
037 ## - SOURCE OF ACQUISITION
Source of stock number/acquisition DBAD/PUB
082 ## - DEWEY DECIMAL CLASSIFICATION NUMBER
Classification number 301.153
245 ## - TITLE STATEMENT
Title Gandhi,peace and journalism /
Statement of responsibility, etc by B.S.R.Anjaneyulu...[et al]
260 ## - PUBLICATION, DISTRIBUTION, ETC. (IMPRINT)
Place of publication, distribution, etc New Delhi
Name of publisher, distributor, etc Radha Publications
Date of publication, distribution, etc 2013
270 ## - ADDRESS
Address 423/1,Ansari Road,Daryaganj
City New Delhi
Postal code 110002
300 ## - PHYSICAL DESCRIPTION
Extent vi,141p.
Dimensions 22cm(Hb)
500 ## - GENERAL NOTE
General note includes bibliographical references
700 ## - ADDED ENTRY--PERSONAL NAME
Personal name Anjaneyulu,B.S.R.
942 ## - ADDED ENTRY ELEMENTS (KOHA)
Source of classification or shelving scheme Dewey Decimal Classification
Item type English Books
Call number suffix GAN
Classification part 301.153
Holdings
Withdrawn status Lost status Not for loan Collection code Home library Current library Date acquired Source of acquisition Cost, normal purchase price Full call number Barcode Copy number Cost, replacement price Koha item type
    Not For Loan Non-fiction D.B.Act.Division D.B.Act.Division 07/01/2015 DBAD / PUB 350.00 301.153 GAN EN-95052 1 350.00 English Books

© Delhi Public Library
Hit Counter
free hit counter